000 00715nam a2200241Ia 4500
005 20260430150123.0
008 008 250103s9999 xx 000 0 eng d
037 _aTheses
040 _aCRL
040 _beng
040 _ceng
041 _2eng
041 _aeng
084 _qCRL
100 _aArora Geetika Au.; Saluja Daman Gu.
_91236522
245 0 _aDevelopment and clinical validation of in vitro NAAT-based assays for diagnosis of infectious diseases
260 _c2022
300 _a107p.
650 _aScience
700 _aUniversity of Delhi. Faculty of Medical Sciences. Department of B.R. Ambedkar Center for Biomedical Resarch
_91236523
942 _cTH
999 _c1848996
_d1848996